[Event "Rostock SSC op 16th"]
[Site "Rostock"]
[Date "2017.07.29"]
[Round "6"]
[White "Paetzke, Bernd"]
[Black "Stieler, Sebastian"]
[Result "0-1"]
[WhiteElo "1522"]
[BlackElo "1746"]
[PlyCount "66"]
[EventDate "2017.07.26"]
[EventType "swiss"]
[EventRounds "7"]
[EventCountry "GER"]
[SourceTitle "EXT 2018"]
[Source "ChessBase"]
[SourceDate "2017.10.13"]
[SourceVersion "1"]
[SourceVersionDate "2017.10.13"]
[SourceQuality "1"]

1. d4 d5 2. c4 e6 3. Nc3 Nf6 4. Nf3 Be7 5. Bf4 a6 6. e3 0-0 7. Bd3 c5 8. 0-0 Nc6 9. dxc5 Bxc5 10. Rc1 Be7 11. Qe2 d4 12. exd4 Nxd4 13. Nxd4 Qxd4 14. Be5 Qg4 15. Qc2 Qh5 16. Bg3 Bd7 17. Rfe1 Bc6 18. Ne2 Rad8 19. Bf4 Qg4 20. Bg3 Bd6 21. h3 Qg5 22. f4 Bxf4 23. Nxf4 Qxg3 24. Qf2 Qxf2+ 25. Kxf2 g5 26. Nxe6 fxe6 27. Ke3 h6 28. Rg1 Rd7 29. Rcf1 Kg7 30. g3 Rfd8 31. Bb1 b5 32. c5 b4 33. h4 Ng4+ 0-1

[Event "Rostock SSC op 16th"]
[Site "Rostock"]
[Date "2017.07.28"]
[Round "4"]
[White "Paetzke, Bernd"]
[Black "Moeller, Peter1111"]
[Result "0-1"]
[WhiteElo "1522"]
[BlackElo "1736"]
[PlyCount "38"]
[EventDate "2017.07.26"]
[EventType "swiss"]
[EventRounds "7"]
[EventCountry "GER"]
[SourceTitle "EXT 2018"]
[Source "ChessBase"]
[SourceDate "2017.10.13"]
[SourceVersion "1"]
[SourceVersionDate "2017.10.13"]
[SourceQuality "1"]

1. d4 Nf6 2. c4 e6 3. Nc3 b6 4. e4 d6 5. d5 e5 6. Nf3 Bg4 7. Be2 Nbd7 8. Qa4 Be7 9. Qc6 a6 10. h3 Bh5 11. Bg5 0-0 12. Nh4 Bxe2 13. Kxe2 Rc8 14. Nf5 Nxd5 15. Nxe7+ Nxe7 16. Nd5 Nxc6 17. Bxd8 Rcxd8 18. Nxc7 Nd4+ 19. Kd3 Nc5+ 0-1

[Event "Mecklenburg VP LL2 West 1415"]
[Site "Mecklenburg VP"]
[Date "2015.04.12"]
[Round "8.8"]
[White "Luetzow, Siegfried"]
[Black "Paetzke, Bernd"]
[Result "1-0"]
[WhiteElo "1593"]
[BlackElo "1443"]
[PlyCount "127"]
[EventDate "2014.09.21"]
[EventType "team-tourn"]
[EventRounds "9"]
[EventCountry "GER"]
[SourceTitle "EXT 2022"]
[Source "ChessBase"]
[SourceDate "2021.10.06"]
[SourceVersion "1"]
[SourceVersionDate "2021.10.06"]
[SourceQuality "1"]
[WhiteTeam "Neukloster VfL Blau Weiss"]
[BlackTeam "Putlitzer SV 1921"]
[WhiteTeamCountry "GER"]
[BlackTeamCountry "GER"]

1. f4 e6 2. b3 Nf6 3. Nf3 d5 4. Bb2 Bc5 5. e3 0-0 6. d4 Be7 7. Bd3 Ne4 8. 0-0 Nd7 9. c4 Ndf6 10. Qc2 h6 11. Ne5 Bd6 12. Rf3 b6 13. b4 Bxb4 14. a3 Bd6 15. Nc3 Bb7 16. cxd5 exd5 17. Bxe4 dxe4 18. Rh3 Bc8 19. Nxe4 Nxe4 20. Qxe4 Bxh3 21. gxh3 Bxe5 22. fxe5 Re8 23. Kh1 Re6 24. Rg1 Rc8 25. d5 Rg6 26. Rxg6 fxg6 27. Qc4 Kh7 28. h4 Qf8 29. Kg2 Qf5 30. Qf4 Qc2+ 31. Qf2 Qxf2+ 32. Kxf2 Rf8+ 33. Kg3 Rf1 34. e6 Kg8 35. Be5 Rf5 36. Bxc7 Rxd5 37. Kf4 Kf8 38. e4 Rb5 39. Bd6+ Ke8 40. Be5 Rxe5 41. Kxe5 Ke7 42. Kd5 b5 43. Kc5 a6 44. Kb6 Kxe6 45. Kxa6 Ke5 46. Kxb5 Kxe4 47. a4 g5 48. hxg5 hxg5 49. a5 g4 50. a6 Kf3 51. a7 Kg2 52. a8Q+ Kxh2 53. Qh8+ Kg2 54. Qxg7 g3 55. Kc4 Kf2 56. Qf6+ Ke2 57. Qe5+ Kf3 58. Qe1 Kg2 59. Kd3 Kh2 60. Qe5 Kh3 61. Qh5+ Kg2 62. Ke2 Kg1 63. Kf3 g2 64. Qg4 1-0

[Event "Mecklenburg VP LL2 West 1415"]
[Site "Mecklenburg VP"]
[Date "2015.01.18"]
[Round "5.8"]
[White "Paetzke, Bernd"]
[Black "Tamrazyan, Gohar"]
[Result "0-1"]
[WhiteElo "1443"]
[BlackElo "1424"]
[PlyCount "60"]
[EventDate "2014.09.21"]
[EventType "team-tourn"]
[EventRounds "9"]
[EventCountry "GER"]
[SourceTitle "EXT 2022"]
[Source "ChessBase"]
[SourceDate "2021.10.06"]
[SourceVersion "1"]
[SourceVersionDate "2021.10.06"]
[SourceQuality "1"]
[WhiteTeam "Putlitzer SV 1921"]
[BlackTeam "Malchow Schachinsel"]
[WhiteTeamCountry "GER"]
[BlackTeamCountry "GER"]

1. d4 Nf6 2. Nf3 e6 3. c4 Nc6 4. Nc3 Bb4 5. Bg5 0-0 6. e3 d6 7. Qb3 Bxc3+ 8. Qxc3 d5 9. Bd3 Nb8 10. e4 dxe4 11. Bxe4 Nxe4 12. Bxd8 Nxc3 13. Bxc7 Ne4 14. 0-0 b6 15. Rfe1 Nf6 16. Rad1 Ba6 17. b3 Bb7 18. Ne5 Ne4 19. d5 exd5 20. cxd5 Nc3 21. d6 Nxd1 22. Rxd1 f6 23. d7 Nxd7 24. Nxd7 Rf7 25. Rd2 Rc8 26. Nxb6 Rfxc7 27. Nc4 Ba6 28. f3 Bxc4 29. bxc4 Rxc4 30. a3 Rc1+ 0-1

[Event "Mecklenburg VP LL2 West 1415"]
[Site "Mecklenburg VP"]
[Date "2014.11.09"]
[Round "2.8"]
[White "Paetzke, Bernd"]
[Black "Silwedel, Bjoern"]
[Result "1-0"]
[WhiteElo "1443"]
[BlackElo "1486"]
[PlyCount "89"]
[EventDate "2014.09.21"]
[EventType "team-tourn"]
[EventRounds "9"]
[EventCountry "GER"]
[SourceTitle "EXT 2022"]
[Source "ChessBase"]
[SourceDate "2021.10.06"]
[SourceVersion "1"]
[SourceVersionDate "2021.10.06"]
[SourceQuality "1"]
[WhiteTeam "Putlitzer SV 1921"]
[BlackTeam "Kuehlungsborn SV Empor"]
[WhiteTeamCountry "GER"]
[BlackTeamCountry "GER"]

1. d4 c5 2. e4 cxd4 3. c3 Nc6 4. cxd4 a6 5. Nf3 d5 6. e5 Bg4 7. Be3 g6 8. Nc3 Bg7 9. h3 Bxf3 10. Qxf3 e6 11. a3 f6 12. exf6 Qxf6 13. Qxf6 Bxf6 14. Rd1 Nge7 15. Na4 Nf5 16. Nc5 Ncxd4 17. Bd3 Ke7 18. Bd2 b5 19. a4 Rhc8 20. b4 Nd6 21. 0-0 Nc4 22. Bc3 Nf3+ 23. gxf3 Bxc3 24. axb5 Bxb4 25. Nxa6 Bd6 26. Rb1 Nd2 27. b6 Rc6 28. b7 Raxa6 29. Bxa6 Nxb1 30. Rxb1 Rxa6 31. b8Q Bxb8 32. Rxb8 Ra7 33. Kf1 Kd6 34. Ke2 Ke5 35. Rb4 Rc7 36. f4+ Kf5 37. Kd3 Rc4 38. Rb7 Rxf4 39. Rxh7 Rxf2 40. Rf7+ Kg5 41. Rxf2 Kh4 42. Rf6 g5 43. Rh6+ Kg3 44. Kd4 Kf4 45. Rxe6 1-0

[Event "Mecklenburg VP LL2 West 1314"]
[Site "Mecklenburg VP"]
[Date "2014.04.06"]
[Round "8.8"]
[White "Paetzke, Bernd"]
[Black "Lange, Stefan"]
[Result "1/2-1/2"]
[WhiteElo "1495"]
[BlackElo "1557"]
[PlyCount "48"]
[EventDate "2013.10.27"]
[EventType "team-tourn"]
[EventRounds "9"]
[EventCountry "GER"]
[SourceTitle "EXT 2022"]
[Source "ChessBase"]
[SourceDate "2021.10.06"]
[SourceVersion "1"]
[SourceVersionDate "2021.10.06"]
[SourceQuality "1"]
[WhiteTeam "Putlitzer SV 1921"]
[BlackTeam "Ludwigslust Post SV II"]
[WhiteTeamCountry "GER"]
[BlackTeamCountry "GER"]

1. d4 d6 2. Nf3 Nf6 3. c4 g6 4. Nc3 Bg7 5. e4 0-0 6. Be2 b6 7. 0-0 Bb7 8. d5 c6 9. h3 cxd5 10. exd5 Nbd7 11. Bf4 Nc5 12. Qc2 Rc8 13. Rac1 Ncd7 14. Qb1 Nc5 15. Rfd1 a6 16. Be3 Nh5 17. Nd4 Bxd4 18. Rxd4 Ng7 19. Bg4 f5 20. Bf3 e5 21. Rdd1 f4 22. Bd2 Qg5 23. b4 Nd7 24. Ne4 Qe7 1/2-1/2

[Event "Mecklenburg VP LL2 West 1213"]
[Site "Mecklenburg VP"]
[Date "2012.10.14"]
[Round "1.8"]
[White "Ramm, Joachim"]
[Black "Paetzke, Bernd"]
[Result "1-0"]
[WhiteElo "1641"]
[BlackElo "1460"]
[PlyCount "53"]
[EventDate "2012.10.14"]
[EventType "team-tourn"]
[EventRounds "9"]
[EventCountry "GER"]
[SourceTitle "EXT 2022"]
[Source "ChessBase"]
[SourceDate "2021.10.06"]
[SourceVersion "1"]
[SourceVersionDate "2021.10.06"]
[SourceQuality "1"]
[WhiteTeam "Parchim SV Blau-Weiss 69"]
[BlackTeam "Putlitzer SV 1921"]
[WhiteTeamCountry "GER"]
[BlackTeamCountry "GER"]

1. e4 c5 2. f4 d5 3. e5 Nc6 4. Nf3 Nh6 5. c3 e6 6. Be2 Be7 7. 0-0 0-0 8. d4 Nf5 9. Bd3 cxd4 10. Bxf5 exf5 11. cxd4 h6 12. Nc3 b6 13. Ne2 Ba6 14. Re1 Nb4 15. Ng3 Rc8 16. Nxf5 Nc2 17. N3h4 Bxh4 18. Qg4 g6 19. Nxh4 h5 20. Qg3 Nxa1 21. f5 Rxc1 22. Rxc1 Nb3 23. axb3 g5 24. f6 g4 25. Qf4 Bd3 26. Qg5+ Kh8 27. Qh6+ 1-0

[Event "Mecklenburg VP-ch"]
[Site "Nakenstorf"]
[Date "2008.03.23"]
[Round "8.14"]
[White "Kriese, Ralf"]
[Black "Paetzke, Bernd"]
[Result "1-0"]
[WhiteElo "1600"]
[BlackElo "1444"]
[PlyCount "39"]
[EventDate "2008.03.20"]
[EventType "swiss"]
[EventRounds "9"]
[EventCountry "GER"]
[SourceTitle "EXT 2022"]
[Source "ChessBase"]
[SourceDate "2021.10.06"]
[SourceVersion "1"]
[SourceVersionDate "2021.10.06"]
[SourceQuality "1"]

1. e4 c5 2. Nf3 Nc6 3. d4 cxd4 4. Nxd4 Nf6 5. Nc3 e6 6. a3 Be7 7. Be3 a6 8. Be2 0-0 9. 0-0 d5 10. exd5 Nxd5 11. Nxd5 exd5 12. Bd3 Ne5 13. Bxh7+ Kxh7 14. Qh5+ Kg8 15. Qxe5 Bd6 16. Qh5 Re8 17. Rfe1 g6 18. Qe2 Kg7 19. Bh6+ Kxh6 20. Qxe8 1-0

[Event "Mecklenburg VP-ch"]
[Site "Nakenstorf"]
[Date "2008.03.20"]
[Round "1"]
[White "Gebert Vangeel, Ralf"]
[Black "Paetzke, Bernd"]
[Result "1-0"]
[WhiteElo "2071"]
[BlackElo "1444"]
[PlyCount "27"]
[EventDate "2008.03.20"]
[EventType "swiss"]
[EventRounds "9"]
[EventCountry "GER"]
[SourceTitle "EXT 2010"]
[Source "ChessBase"]
[SourceDate "2010.11.25"]
[SourceVersion "1"]
[SourceVersionDate "2010.11.25"]
[SourceQuality "1"]

1. e4 c5 2. Nf3 Nc6 3. d4 cxd4 4. Nxd4 Nf6 5. Nc3 e6 6. Be3 d5 7. Bb5 Qc7 8. exd5 exd5 9. Qe2 Be7 10. Bf4 Qd7 11. 0-0-0 0-0 12. Rhe1 Bb4 13. Qf3 Nxd4 14. Rxd4 1-0

[Event "Mecklenburg VP-ch"]
[Site "Nakenstorf"]
[Date "2008.03.20"]
[Round "2"]
[White "Paetzke, Bernd"]
[Black "Wiese, Frank"]
[Result "0-1"]
[WhiteElo "1444"]
[BlackElo "1800"]
[PlyCount "72"]
[EventDate "2008.03.20"]
[EventType "swiss"]
[EventRounds "9"]
[EventCountry "GER"]
[SourceTitle "EXT 2010"]
[Source "ChessBase"]
[SourceDate "2010.11.25"]
[SourceVersion "1"]
[SourceVersionDate "2010.11.25"]
[SourceQuality "1"]

1. d4 Nf6 2. Nf3 e6 3. c4 b6 4. g3 Bb7 5. Bg2 Be7 6. 0-0 0-0 7. Nc3 d5 8. b3 dxc4 9. bxc4 c5 10. Bf4 Nh5 11. Bc1 Nd7 12. e3 Nhf6 13. Qc2 Qc8 14. Rd1 Rd8 15. Ba3 Bf8 16. Ne2 Be4 17. Qc1 Qc6 18. Nh4 Bxg2 19. Nxg2 Rdc8 20. dxc5 Bxc5 21. Nd4 Qa4 22. Nb5 a6 23. Bxc5 axb5 24. Be7 Rxc4 25. Qd2 Re8 26. Bxf6 Nxf6 27. Ne1 Qa8 28. Qb2 Qc6 29. Rab1 b4 30. Rd4 Nd5 31. Rxc4 Qxc4 32. Rc1 Nc3 33. Kg2 Ra8 34. Qb3 Qe4+ 35. Kh3 Ne2 36. Qc4 Ng1# 0-1

[Event "Mecklenburg VP-ch HT"]
[Site "Nakenstorf"]
[Date "1999.04.03"]
[Round "8.14"]
[White "Schallock, Manja"]
[Black "Paetzke, Bernd"]
[Result "1/2-1/2"]
[WhiteElo "975"]
[BlackElo "1404"]
[PlyCount "96"]
[EventDate "1999.03.31"]
[EventType "swiss"]
[EventRounds "9"]
[EventCountry "GER"]
[SourceTitle "EXT 2022"]
[Source "ChessBase"]
[SourceDate "2021.10.06"]
[SourceVersion "1"]
[SourceVersionDate "2021.10.06"]
[SourceQuality "1"]

1. c4 Nf6 2. Nc3 e5 3. g3 Nc6 4. Bg2 Bb4 5. e3 d6 6. d4 exd4 7. exd4 0-0 8. Nge2 d5 9. c5 Bg4 10. f3 Be6 11. Qd3 Re8 12. 0-0 Qd7 13. Nf4 Bf5 14. Qd2 Re7 15. a3 Bxc3 16. Qxc3 Rae8 17. b4 b6 18. Bd2 g5 19. Nd3 h6 20. Nf2 Kg7 21. Rad1 Nb8 22. Qa1 Qa4 23. Qb2 Re2 24. Rfe1 Bc2 25. Qc1 Nh7 26. Rxe2 Rxe2 27. Re1 Rxe1+ 28. Bxe1 Bg6 29. Bf1 Qe8 30. Bc3 c6 31. Nd3 f6 32. Qe1 Qd7 33. Nf2 Qd8 34. Bh3 Nf8 35. Kg2 Be8 36. Kg1 Bd7 37. Bf1 Ne6 38. Bh3 Nc7 39. Bf1 Bf5 40. Qe3 Nd7 41. Bb2 Qg8 42. g4 Bg6 43. Qe7+ Qf7 44. Qe3 Qe6 45. Qd2 f5 46. h3 h5 47. Qxg5 hxg4 48. hxg4 fxg4 1/2-1/2

[Event "Mecklenburg VP-ch HT"]
[Site "Nakenstorf"]
[Date "1999.03.31"]
[Round "1.12"]
[White "Paetzke, Bernd"]
[Black "Wendt, Uwe"]
[Result "0-1"]
[WhiteElo "1404"]
[BlackElo "1735"]
[PlyCount "120"]
[EventDate "1999.03.31"]
[EventType "swiss"]
[EventRounds "9"]
[EventCountry "GER"]
[SourceTitle "EXT 2022"]
[Source "ChessBase"]
[SourceDate "2021.10.06"]
[SourceVersion "1"]
[SourceVersionDate "2021.10.06"]
[SourceQuality "1"]

1. Nf3 d5 2. d4 Nf6 3. c4 c6 4. a4 Bf5 5. e3 e6 6. Bd3 Bb4+ 7. Nc3 Ne4 8. Qc2 Qa5 9. Bd2 Nxd2 10. Qxd2 Bxd3 11. Qxd3 Nd7 12. 0-0 0-0 13. e4 Bxc3 14. bxc3 dxe4 15. Qxe4 Qxc3 16. Rfc1 Qa5 17. c5 Nf6 18. Qh4 Rfd8 19. Ra3 Rd5 20. Ne5 Qd2 21. Raa1 Qxd4 22. Qxd4 Rxd4 23. Nf3 Rd5 24. Ra2 Rad8 25. Kf1 Ne4 26. Rac2 Nd2+ 27. Nxd2 Rxd2 28. Rxd2 Rxd2 29. Rb1 Rd7 30. Ke2 f5 31. Ke3 Kf7 32. g3 Kf6 33. Ke2 g5 34. Ke3 e5 35. Ke2 h5 36. h3 a5 37. Ke1 e4 38. Ke2 Ke5 39. Ke1 h4 40. Ke2 hxg3 41. fxg3 Rh7 42. Rh1 Kd4 43. h4 gxh4 44. gxh4 Kxc5 45. Ke3 b5 46. Kf4 Rh5 47. Ke5 e3 48. Rc1+ Kb6 49. Re1 Rxh4 50. axb5 cxb5 51. Rxe3 Re4+ 52. Rxe4 fxe4 53. Kxe4 Kc5 54. Kd3 b4 55. Kc2 Kc4 56. Kb2 a4 57. Kc2 a3 58. Kb1 Kc3 59. Ka1 Kc2 60. Ka2 b3+ 0-1